| 000 | 00358nam a22001457a 4500 | ||
|---|---|---|---|
| 003 | OSt | ||
| 008 | 230522b |||||||| |||| 00| 0 eng d | ||
| 041 | _aeng | ||
| 082 |
_a158.0835 _bCOV/SE |
||
| 100 |
_aCovey, Stephen R _95470 |
||
| 245 | _aSeven habits of highly effective people | ||
| 260 |
_aLondon _bSimon & Schuster _c2020 |
||
| 300 | _a440 | ||
| 942 | _cBK | ||
| 999 |
_c17702 _d17702 |
||